| 000 | 00994cam a2200301 i 4500 | ||
|---|---|---|---|
| 001 | 14287 | ||
| 003 | BD-RjUL | ||
| 005 | 20211208235613.0 | ||
| 008 | 140205t1975 kyua b 001 0 eng | ||
| 020 |
_a089022207X. _a0890220174 |
||
| 035 | _a(BD-RjUL)14339 | ||
| 040 |
_aDLC _cDLC _dDLC _dBD-RjUL _beng |
||
| 041 | _aeng | ||
| 082 | 0 | 0 |
_a620.0023 _216 _bHEO 1975 |
| 100 | 1 |
_aHeer, John E. _944615 |
|
| 245 | 1 | 0 |
_aOpportunities in engineering technology careers / _cJohn E. Heer, Jr., D. Joseph Hagerty. |
| 260 |
_aLouisville, Ky. : _bVocational Guidance Manuals, _cc1975. |
||
| 300 |
_a158 p. : _bill. ; _c21 cm. |
||
| 490 | 0 | _aVGM career series | |
| 500 | _aPublished in 1979 under title: Opportunitie in engineering technology. | ||
| 500 | _aIncludes index. | ||
| 504 | _aBibliography: p. [124]-125. | ||
| 650 | 0 |
_aEngineering _xVocational guidance. _91475 |
|
| 700 | 1 |
_aHagerty, D. Joseph, _ejoint author. _944616 |
|
| 942 |
_2ddc _cBK |
||
| 999 |
_c14287 _d14287 |
||